000
00334nam a22001457a 4500
020
_a
978-81-317-6034-5
041
_a
ENG
100
_a
Nitin Bhatnagar
245
_a
Effective Comunication and Soft Skills
260
_a
india
_b
Pearson
_c
2012
300
_a
431
650
_a
English
700
_a
Mamta Bhatnagar
856
_u
English
999
_c
20
_d
20